LEADER 01525nam 2200373 n 450 001 996383852003316 005 20221108061436.0 035 $a(CKB)1000000000586713 035 $a(EEBO)2240924808 035 $a(UnM)9959259900971 035 $a(EXLCZ)991000000000586713 100 $a19971124d1605 uh 101 0 $aeng 135 $aurbn||||a|bb| 200 12$aA proclamation to redresse the mis-imployment of lands, goods, and other things giuen for charitable vses$b[electronic resource] 210 $aImprinted at London $cBy Robert Barker, printer to the Kings most excellent Maiestie.$dAnno Dom. 1605 215 $a2 sheets (versos blank) 300 $aCaption title. 300 $aImprint from colophon. 300 $aDated at end: Rockingham the xi. of August 1605. in the third yeere of his Maiesties reigne ... . 300 $aEspecially directed to educational and religious foundations. Cf. STC. 300 $aReproduction of original in the British Library. 330 $aeebo-0018 606 $aCharities$zEngland$zLondon$vEarly works to 1800 606 $aCharity laws and legislation$zEngland$vEarly works to 1800 615 0$aCharities 615 0$aCharity laws and legislation 701 $aJames$cKing of England,$f1566-1625.$01001019 801 0$bCu-RivES 801 1$bCu-RivES 906 $aBOOK 912 $a996383852003316 996 $aA proclamation to redresse the mis-imployment of lands, goods, and other things giuen for charitable vses$92412308 997 $aUNISA LEADER 01103nam a2200277 i 4500 001 991000745589707536 005 20020503201122.0 008 940519s1989 us ||| | eng 020 $a0471843377 035 $ab10122989-39ule_inst 035 $aLE02521487$9ExL 040 $aFac. Economia$bita 082 0 $a658.562 100 1 $aRyan, Thomas P$0117276 245 10$aStatistical methods for quality improvement /$cThomas P. Ryan 260 $aNew York :$bWiley,$cc1989 300 $axviii, 446 p. ;$c24 cm 490 0 $aWiley series in probability and mathematical statistics 530 $a2011 edition available via Wiley Platform$uhttps://onlinelibrary.wiley.com/doi/book/10.1002/9781118058114 650 4$aControllo di qualità$xMetodi statistici 907 $a.b10122989$b27-04-21$c27-06-02 912 $a991000745589707536 945 $aLE025 ECO 658.5 RYA01.01$g1$i2025000020146$lle025$o-$pE0.00$q-$rl$s- $t0$u0$v0$w0$x0$y.i10144262$z27-06-02 996 $aStatistical methods for quality improvement$9198805 997 $aUNISALENTO 998 $ale025$b01-01-94$cm$da $e-$feng$gus $h0$i1